000 01009cab a2200205 4500
001 ##L132967
008 060328n2006 000 0 eng u
035 _a(Sirsi) u132967
041 0 _aeng
100 1 _aHardy, Alison
245 0 0 _aAct according to the code
260 _c2006
490 0 _aEstates Gazette
_v(0612) 25 March 2006, 218-219(2)
520 _aOutlines the steps required to be taken by a landowner who wishes to force a telecommunications operator to remove a mast from his property. The landowner must comply with the Telecoms Code set out in the Telecommunications Act 1984, as well as the relevant provisions of the Landlord and Tenant Act 1954, if a lease was created at the outset. As this is potentially a lengthy process, it is better if possible to reach a negotiated settlement.
590 _aIKA280306
650 2 4 _aLANDLORD AND TENANT ACT 1954
650 2 4 _aTELECOMMUNICATIONS ACT 1984
690 _aPROPERTY-INFRASTRUCTURE-TELECOMMUNICATIONS INFRASTRUCTURE
942 _n0
999 _c76725
_d76725